Handbook of Relapsing-Remitting Multiple Sclerosis (Post nr. 3226)
[ visa ren ]
| 000 -LEADER | |
|---|---|
| fixed length control field | 02103nam a22004095i 4500 |
| 001 - CONTROL NUMBER | |
| control field | 60036 |
| 005 - DATE AND TIME OF LATEST TRANSACTION | |
| control field | 20200226102404.0 |
| 007 - PHYSICAL DESCRIPTION FIXED FIELD--GENERAL INFORMATION | |
| fixed length control field | cr nn 008mamaa |
| 008 - FIXED-LENGTH DATA ELEMENTS--GENERAL INFORMATION | |
| fixed length control field | 170202s2017 gw | s |||| 0|eng d |
| 020 ## - INTERNATIONAL STANDARD BOOK NUMBER | |
| International Standard Book Number | 9783319406282 |
| -- | 978-3-319-40628-2 |
| 024 7# - OTHER STANDARD IDENTIFIER | |
| Standard number or code | 10.1007/978-3-319-40628-2 |
| Source of number or code | doi |
| 035 ## - SYSTEM CONTROL NUMBER | |
| System control number | (DE-He213)978-3-319-40628-2 |
| 050 #4 - LIBRARY OF CONGRESS CALL NUMBER | |
| Classification number | RC346-429.2 |
| 072 #7 - SUBJECT CATEGORY CODE | |
| Subject category code | MJN |
| Source | bicssc |
| 072 #7 - SUBJECT CATEGORY CODE | |
| Subject category code | MED056000 |
| Source | bisacsh |
| 082 04 - DEWEY DECIMAL CLASSIFICATION NUMBER | |
| Classification number | 616.8 |
| Edition number | 23 |
| 245 10 - TITLE STATEMENT | |
| Title | Handbook of Relapsing-Remitting Multiple Sclerosis |
| Medium | [electronic resource] / |
| Statement of responsibility, etc. | edited by Aaron Miller. |
| 264 #1 - PRODUCTION, PUBLICATION, DISTRIBUTION, MANUFACTURE, AND COPYRIGHT NOTICE | |
| Place of production, publication, distribution, manufacture | Cham : |
| Name of producer, publisher, distributor, manufacturer | Springer International Publishing : |
| -- | Imprint: Adis, |
| Date of production, publication, distribution, manufacture, or copyright notice | 2017. |
| 300 ## - PHYSICAL DESCRIPTION | |
| Extent | XII, 134 p. 7 illus. in color. |
| Other physical details | online resource. |
| 336 ## - CONTENT TYPE | |
| Content type term | text |
| Content type code | txt |
| Source | rdacontent |
| 337 ## - MEDIA TYPE | |
| Media type term | computer |
| Media type code | c |
| Source | rdamedia |
| 338 ## - CARRIER TYPE | |
| Carrier type term | online resource |
| Carrier type code | cr |
| Source | rdacarrier |
| 347 ## - DIGITAL FILE CHARACTERISTICS | |
| File type | text file |
| Encoding format | |
| Source | rda |
| 505 0# - FORMATTED CONTENTS NOTE | |
| Formatted contents note | Introduction -- Pathogenesis and clinical presentation -- Assessment and diagnosis of relapse-remitting multiple sclerosis -- Treatment strategies -- Emerging and future treatment strategies -- Long-term management and rehabilitation. |
| 520 ## - SUMMARY, ETC. | |
| Summary, etc. | This pocketbook is an evidence-based educational resource that provides a concise overview of diagnosis, treatment and long-term management of relapsing-remitting multiple sclerosis. An ideal clinical handbook for a wide range of medical professionals, this handbook includes international guidelines, clinically relevant clinical trial data, and an introduction to emerging therapies. Handbook of Relapsing-Remitting Multiple Sclerosis is a comprehensive overview of recent advances in this indication, enhanced by high quality figures and clinical images. |
| 650 #0 - SUBJECT ADDED ENTRY--TOPICAL TERM | |
| Topical term or geographic name entry element | Medicine. |
| 650 #0 - SUBJECT ADDED ENTRY--TOPICAL TERM | |
| Topical term or geographic name entry element | Neurology. |
| 650 14 - SUBJECT ADDED ENTRY--TOPICAL TERM | |
| Topical term or geographic name entry element | Medicine & Public Health. |
| 650 24 - SUBJECT ADDED ENTRY--TOPICAL TERM | |
| Topical term or geographic name entry element | Neurology. |
| 700 1# - ADDED ENTRY--PERSONAL NAME | |
| Personal name | Miller, Aaron. |
| Relator term | editor. |
| 710 2# - ADDED ENTRY--CORPORATE NAME | |
| Corporate name or jurisdiction name as entry element | SpringerLink (Online service) |
| 773 0# - HOST ITEM ENTRY | |
| Title | Springer eBooks |
| 776 08 - ADDITIONAL PHYSICAL FORM ENTRY | |
| Relationship information | Printed edition: |
| International Standard Book Number | 9783319406268 |
| 856 40 - ELECTRONIC LOCATION AND ACCESS | |
| Uniform Resource Identifier | <a href="http://dx.doi.org/10.1007/978-3-319-40628-2">http://dx.doi.org/10.1007/978-3-319-40628-2</a> |
| 912 ## - | |
| -- | ZDB-2-SME |
Inga exemplar finns tillgängliga.